Datum a čas kvízu
34
Celkem bodů
Celkový počet nahraných bodů na tomto kvízu bez doplňovacích otázek.
3.
Pořadí na kvízu
Konečné umístění týmu na tomto kvízu.
Zaznamenané odpovědi
| # | Otázka | Odpověď | Body | Výsledky |
|---|---|---|---|---|
| 1. | Pražská povolební jednání se c... | 1 | ||
| 2. | Jedna evropská země vydala pop... | 1 | ||
| 3. | Americký herec David Schwimmer... | 1 | ||
| 4. | Hospodářská komora volila v rá... | 1 | ||
| 5. | Pokud správně napíšete jméno v... | 0 | ||
| 6. | V různých seriálech se objevil... | 1 | ||
| 7. | Napište jména herců, kteří ztv... | 1 | ||
| 8. | Walter White a Jesse Pinkman.... | 1 | ||
| 9. | Excentrický sedmdesátiletý věd... | 1 | ||
| 10. | A nakonec dvojice z českých ve... | 1 |